History Quiz

Random History or Year Quiz
Score 0/10 Timer 03:00
6 Plays Today
% Correct
1959- Hawaii became 50th
US state
85.9%
1950- Beginning of the Korean War
61%
1958- Brazil, with famous forward Pelé,
defeated Sweden to win the World Cup
56.8%
1953- End of the Korean War
54.1%
1957- Sputnik I was launched
53.8%
1952- Dwight D. Eisenhower's election
53.4%
1955- Rosa Parks and the
Montgomery bus boycott
48.3%
1956- Elvis Presley's first
#1 pop single was released
46.6%
1951- General Douglas MacArthur's address to Congress after being dismissed
by President Harry S. Truman
44.2%
1954- The US Supreme Court decision in Brown v. Board
of Education ended racial segregation in public schools
36.4%
Remove Ads.
Support Sporcle.
Get the best of Sporcle when you Go Orange. This ad-free experience offers more features, more stats, and more fun while also helping to support Sporcle. Thank you for becoming a member.

You're not logged in!

Compare scores with friends on all Sporcle quizzes.
OR
Log In

Show Comments

Extras

Top Quizzes Today


Score Distribution

Your Account Isn't Verified!

In order to create a playlist on Sporcle, you need to verify the email address you used during registration. Go to your Sporcle Settings to finish the process.

Report this User

Report this user for behavior that violates our Community Guidelines.

Details: